000 01188cam a22002295a 4500
001 L138240
008 070523e2006 xxk f 100 0 eng d
035 _a(Sirsi) u138240
041 0 _aeng
100 1 _aSyed-Khuzzan, S.M.
245 0 0 _aPersonalised Learning Environments
_bcore development issues for construction
_h[electronic resource]
260 _c2006
490 0 _aCOBRA
_v2006
520 _aDiscusses the concepts and issues surrounding the development of personalised learning environments. Reports that factors such as learner motivation, learner platforms, pedagogical approaches, instructional design methodologies, standardisation of learning objects, and the creation of learner profiles need to be considered for further developing personalised learning environments.
651 4 _aInternational
690 _aCAREERS, EDUCATION AND TRAINING
700 1 _aGoulding, J.S.
700 1 _aAlshawi, M.
711 2 _aConstruction and Building Research Conference
_cUniversity College London, London
_d7-8 September 2006
856 4 0 _uhttps://www.rics.org/site/scripts/download_info.aspx?downloadID=2938
_zView the item free of charge at www.rics.org...
942 _n0
999 _c107073
_d107073